00514 2200169 4500001002100000005001500021035002000036007000300056008004100059020002200100100001900122245009300141250001100234260002900245300005300274650001700327INLIS00000000000028120221019091344 a0010-1022000023ta221019 b h ind  a978-979-017-276-00 aFajar Istiqlal1 aIslam yang Kulihat :byang ada ditiadakan, yang tidak ada diada-adakan /cFajar Istiqlal aCet. 1 aJakarta :bIcomic,c2014 a135 halaman :bilustrasi tidak berwarna ;c23 cm 4aKomik Islami